书目信息 |
| 题名: |
化学计算基础知识
|
|
| 作者: | 孙世修 编著 | |
| 分册: | ||
| 出版信息: | 济南 山东人民出版社 1963 |
|
| 页数: | 251页 | |
| 开本: | 19cm | |
| 丛书名: | ||
| 单 册: | ||
| 中图分类: | O6-015 | |
| 科图分类: | ||
| 主题词: | 化学--理论 , 化学--方法 | |
| 电子资源: | ||
| ISBN: | ||
| 000 | 00606nam0 2200229 450 | |
| 001 | 0660565827 | |
| 005 | 20061122165234.57 | |
| 010 | @dCNY0.55 | |
| 100 | @a20061122d1963 km y0chiy0120 ea | |
| 101 | 0 | @achi |
| 102 | @aCN@b370000 | |
| 200 | 1 | @a化学计算基础知识@Ahua xue ji suan ji chu zhi shi@f孙世修编著@Fsun shi xiu bian zhu |
| 205 | @a2版 | |
| 210 | @a济南@c山东人民出版社@d1963 | |
| 215 | @a251页@d19cm | |
| 300 | @a增订本 | |
| 606 | 0 | @a化学@x理论 |
| 606 | 0 | @a化学@x方法 |
| 690 | @aO6-015@v3 | |
| 701 | 0 | @a孙世修@Asun shi xiu@4编著 |
| 801 | 0 | @aCN@bPFT@c20061122 |
| 905 | @a10447@dO6-015@e13 | |
| 化学计算基础知识/孙世修编著.-2版.-济南:山东人民出版社,1963 |
| 251页;19cm |
| 增订本 |
| ISBN :CNY0.55 |
| ● |
| 相关链接 |
|
|
|
|
正题名:化学计算基础知识
索取号:O6-015/13
 
预约/预借
| 序号 | 登录号 | 条形码 | 馆藏地/架位号 | 状态 | 备注 |
| 1 | 0016142 | 000336229 | 第二样本阅览室/ [索取号:O6-015/13] | 在馆 |